| 000 | 00969nam a2200289Ia 4500 | ||
|---|---|---|---|
| 001 | G3954 | ||
| 003 | IT-RoPAU | ||
| 008 | 130308s9999 xx 000 0 und d | ||
| 040 | _aIT-RoPAU | ||
| 040 | _cIT-RoPAU | ||
| 041 | _aFRANCESE | ||
| 100 | _aGuillaume Marc | ||
| 100 | _gCodice Aut. SPICS: 5686 | ||
| 245 | _aComment les entreprises s'adaptent | ||
| 245 | _bCommunication (La). Etat des Savoirs | ||
| 250 | _a1a ed. | ||
| 260 | _aAUXERRE | ||
| 260 | _bSciences Humaines | ||
| 260 | _c1999 [1° Ed.:1999 - Ed.Ling.Originale:1999] | ||
| 300 | _a"6 p. (prefazione: no ; testo: 6 [pagine: 421-426])" | ||
| 500 | _aCome le imprese si Adattano Alle nuove tecnologie dell'Informazione. Progresso delle Tecniche Reali. importanza delle Reti. rischio della Pletora Informativa. Adattarsi per Non Scomparire. | ||
| 650 | _aENCICLOPEDIE DELLA COMUNICAZIONE SOCIALE | ||
| 650 | _eCodice materia Spics: 3801 | ||
| 942 | _cBK | ||
| 957 | _71 | ||
| 999 |
_c79421 _d79421 |
||
| 999 | _g1 | ||